000 00978nam a2200241 a 4500
001 000043866
005 20201002045020.0
008 140507s1967 sp 000 0 spa d
040 _aDO-SdBNP
_bspa
_cBNPHU
082 _a972.91064
_bF363c
100 1 _aFernández-Santos, Francisco.
_971745
245 1 0 _aCuba :
_buna revolución en marcha /
_cSelección, montaje y notas de Francisco Fernández-Santos [y] José Martínez.
260 _aParís :
_bRuedo Ibérico,
_c[1967].
300 _axvi, 510 p. ;
_c22 cm.
_bil.
490 1 _aCuadernos de Reudo Ibérico. Suplemento, 1967
504 _aIncluye referencias bibliográficas y notas al pie de las páginas
651 4 _aCuba
_xHistoria
_y1959-
_916982
651 4 _aCuba
_xPolítica Y Gobierno
_y1959-
_95805
651 4 _aCuba
_xCondiciones Sociales
_y1959-
_921417
651 4 _aCuba
_xDescripciones Y Viajes
_9495
830 0 _aCuadernos de Ruedo Ibérico. Suplemento 167
_971746
910 _aValidado. Control de calidad MFF
999 _c43355
_d43355